LEADER 00911nam0-22003011i-450- 001 990007043390403321 005 20051011164836.0 035 $a000704339 035 $aFED01000704339 035 $a(Aleph)000704339FED01 035 $a000704339 100 $a20020207d1956----km-y0itay50------ba 101 0 $aeng 102 $aUS 105 $ay-------101yy 200 1 $aGovernment Under Law$ea Conference held at Harvard Law School on the Occasion of the Bicentennial of John Marshall$fedited by Artur E. Sutherland 210 $aCambridge$cHarvard University Press$d1956 215 $aXI, 587 p.$d24 cm 676 $a342$v20$zita 700 1$aSutherland,$bArthur E.$0236329 702 1$aMarshall,$bJohn 801 0$aIT$bUNINA$gRICA$2UNIMARC 901 $aBK 912 $a990007043390403321 952 $aI D 351$b52367$fFGBC 959 $aFGBC 996 $aGovernment Under Law$9707172 997 $aUNINA LEADER 01505nam 2200397Ia 450 001 996386830703316 005 20200824132245.0 035 $a(CKB)4940000000081625 035 $a(EEBO)2240865254 035 $a(OCoLC)ocm14563792e 035 $a(OCoLC)14563792 035 $a(EXLCZ)994940000000081625 100 $a19861029d1690 uy | 101 0 $alat 135 $aurbn||||a|bb| 200 10$aIdiomatologia Anglo-Latina, sive, Dictionarium idionaticum Anglo-Latinum$b[electronic resource] $ein quo phrases tam Latinae quam Anglicanae linguae sibi mutuo? respondentes ... /$fopera?, studio, & industria? Gulielmi Walker .. 205 $aQuinta editio cui accessit istiusmodi phrasium ... 210 $aLondini $cTypis W. Horton, impensis T. Sawbridg ...$d1690 215 $a[11], 538 p. $cill 300 $aIllustrated added t.p. 300 $aImperfect: pages stained. 300 $aReproduction of original in the Huntington Library. 330 $aeebo-0113 606 $aLatin language$vDictionaries$xEnglish 606 $aEnglish language$vDictionaries$xLatin 606 $aLatin language$vTerms and phrases 615 0$aLatin language$xEnglish. 615 0$aEnglish language$xLatin. 615 0$aLatin language 700 $aWalker$b William$f1623-1684.$01002630 801 1$bEAG 801 2$bWaOLN 906 $aBOOK 912 $a996386830703316 996 $aIdiomatologia Anglo-Latina, sive, Dictionarium idionaticum Anglo-Latinum$92375399 997 $aUNISA LEADER 02117nam2 22005053i 450 001 SBL0254726 005 20231121125818.0 010 $a8802018650 020 $aIT$b635595 100 $a20030710d1963 ||||0itac50 ba 101 | $aita 102 $ait 181 1$6z01$ai $bxxxe 182 1$6z01$an 200 1 $a˜1: œVersione dell'Iliade di Vincenzo Monti$fcon introduzione e commento di Gian Franco Chiodaroli 205 $aNuova ed.$fa cura di Gennaro Barbarisi 210 $aTorino$cUnione tipografico-editrice torinese$d1963 215 $a855 p., [8] c. di tav.$critr.$d24 cm 461 1$1001SBL0254725$12001 $aOpere di Vincenzo Monti$v1 500 10$aIlias$3CFI0032303$9CFIV018814$931406 517 1 $aVersione dell'Iliade$9UMC0950903 676 $a851.6$9POESIA ITALIANA. 1748-1814$v21 676 $a883.01$9Narrativa e poesia epica in greco classico. Origini-500.$v21 700 1$aMonti$b, Vincenzo$f <1754-1828>$3CFIV004145$0291357 702 0$aHomerus$3CFIV018814 702 1$aBarbarisi$b, Gennaro$f <1932-2007>$3CFIV039831 702 1$aChiodaroli$b, Gian Franco$3SBLV139344 790 0$aHomer$3AQ1V000332$zHomerus 790 0$aOmero$f $3CFIV023921$zHomerus 790 0$aGomer$3CFIV190232$zHomerus 790 0$aOmçros$3CFIV200481$zHomerus 790 0$aHomirus$3IEIV076086$zHomerus 790 0$aHom?ros$3SBNV037875$zHomerus 790 0$aHomère$3UFIV121655$zHomerus 790 1$aChiodaroli$b, Gianfranco$3MILV309597$zChiodaroli, Gian Franco 801 3$aIT$bIT-01$c20030710 850 $aIT-RM0289 $aIT-RM0418 $aIT-FR0017 899 $aBiblioteca Statale A. Baldini$bRM0289 899 $aBIBLIOTECA ACCADEMIA NAZ. DEI LINCEI E CORSINIANA$bRM0418 899 $aBiblioteca umanistica Giorgio Aprea$bFR0017 $eN 912 $aSBL0254726 950 2$aBiblioteca umanistica Giorgio Aprea$d 52S.L. 850 UTET Mon.1$e 52MAG0000154415 VMN RS $fC $h20150807$i20150807 977 $a 04$a 10$a 52 996 $aIlias$931406 997 $aUNICAS